000 01219nam a2200349 i 4500
001 991061287773006706
003 ES-BaIT
005 20260118183403.0
008 250227e202412 spc|||| |||| 0|0 0bcat|
015 _aLL2025
_2bnc
017 _aDL B 20926-2024
_bBiblioteca de Catalunya
020 _a9788419747679
040 _aES-BaBC
_bcat
_erda
_cES-BaBC
080 _a929Balaguer, Víctor,
_22004
100 1 _aPi de Cabanyes, Oriol,
_d1950-
_eautor
_938917
245 1 0 _aReconsideració de Víctor Balaguer, maçó, progressista i liberal /
_cOriol Pi de Cabanyes
250 _aPrimera edició
264 1 _aVilanova i la Geltrú :
_bEl Cep i la Nansa Edicions,
_cdesembre 2024
300 _a379 pàgines ;
_c24 cm
336 _atext
_btxt
_2rdacontent
337 _asense mediació
_bn
_2rdamedia
338 _avolum
_bnc
_2rdacarrier
490 1 _aBiblioteca Antina
500 _aA la pàgina 4 de la coberta: 200 Víctor Balaguer
504 _aBibliografia: pàgines 369-379
600 1 7 _aBalaguer, Víctor,
_d1824-1901
_96399
650 0 _aEscriptors catalans
_yS. XIX
_xBiografia
_2lemac
_967855
830 _aBiblioteca Antina
_9167474
908 _aBC
_aCLR
_aCDMAE
940 _aBC
942 _2udc
_c1
999 _c136672
_d136672